000 01063na a2200313 4500
001 17739
003 MIRAKIL
005 20181213154746.0
008 161104b tu 000 0
020 _a9751925681
040 _aMilas
_btur
_cTR-AnCHP
041 _atur
082 _a338.93877
_bH28 2001
090 _a338.93877 H28 2001
245 _aHava taşıtları imalat sanayii özel ihtisas komisyonu raporu
_cDevlet Planlama Teşkilatı
246 _aHava taşıtları imalat sanayii
260 _aAnkara
_bDPT
_c2001
300 _a41 s.
_bdiagram
_c27 sm.
440 _aDPT
_v2539
490 _aÖİK
_v555
500 _aSekizinci beş yıllık kalkınma planı özel ihtisas komisyonu raporu
610 _aDevlet Planlama Teşkilatı (DPT)
650 _aHava taşımacılığı
_xKalkınma planı, 2001
_yRaporlar
651 _aTürkiye
_xBeş yıllık kalkınma planları
710 _aDevlet Planlama Teşkilatı (DPT)
740 _aHava taşıtları imalat sanayii
830 _aDevlet Planlama Teşkilatı Yayınları
942 _2ddc
_cBKS
999 _c355
_d355